Thinkers of the 20th century: a biographical, bibliographical and critical dictionary (Record no. 563)

MARC details
000 -LEADER
fixed length control field 00458nam a2200157Ia 4500
020 ## - INTERNATIONAL STANDARD BOOK NUMBER
ISBN 81-7002-026-3
082 ## - DEWEY DECIMAL CLASSIFICATION NUMBER
Classification number RR 921 THI;
245 #0 - TITLE STATEMENT
Title Thinkers of the 20th century: a biographical, bibliographical and critical dictionary
260 ## - PUBLICATION, DISTRIBUTION, ETC. (IMPRINT)
Place of publication New Delhi
Name of publisher Himalayan Books
Year of publication 1987
300 ## - PHYSICAL DESCRIPTION
Number of Pages 643p.
504 ## - BIBLIOGRAPHY, ETC. NOTE
Bibliography, etc Ref. books
650 ## - SUBJECT ADDED ENTRY--TOPICAL TERM
Topical Term Biography - Directories
650 ## - SUBJECT ADDED ENTRY--TOPICAL TERM
Topical Term Philosophers - Biography - 20th century
700 ## - ADDED ENTRY--PERSONAL NAME
Personal name Devine, Elizabeth
942 ## - ADDED ENTRY ELEMENTS (KOHA)
Koha item type Books
Holdings
Withdrawn status Lost status Damaged status Not for loan Home library Current library Date acquired Bill Date Full call number Accession Number Price effective from Koha item type
        NASSDOC Library NASSDOC Library 08/06/2004 2004-10-22 RR 921 THI; 17803 18/04/2019 Books
        NASSDOC Library NASSDOC Library 08/06/2004 2004-10-22 RR 921 THI; 27287 18/04/2019 Books